| 000 | 004910000a22001930004500 | ||
|---|---|---|---|
| 001 | 003758 | ||
| 003 | MACL | ||
| 005 | 20151007163451.0 | ||
| 008 | 151007b xxu||||| |||| 00| 0 eng d | ||
| 040 |
_aMACL _cMACL |
||
| 041 | _aEnglish | ||
| 082 | _a920/JHG | ||
| 100 |
_aJagmohan, _914114 |
||
| 245 |
_aGovernance in India _bSoul and Structure _cJagmohan |
||
| 260 |
_aNew Delhi _c2005 _bAllied Publication, |
||
| 350 | _a475 | ||
| 650 |
_aPolitical Science _988 |
||
| 942 |
_k920/JAG _cBK _2ddc |
||
| 999 |
_c15652 _d15652 |
||